| 000 | 00768nam a2200241 i 4500 | ||
|---|---|---|---|
| 001 | 183713 | ||
| 003 | ES-MaACL | ||
| 005 | 20250915063105.0 | ||
| 008 | 141002s2002 ep | |||| ||cat d | ||
| 020 | _a84-95360-56-X | ||
| 080 | _a821.134.1-94"19" | ||
| 080 | _a929 Serra, Antoni | ||
| 100 | 1 |
_aSerra, Antoni, _d1936- _9105600 |
|
| 245 | 1 | 3 |
_aDiari d'ombres, paisatges i figures / _cAntoni Serra. |
| 250 | _a1ยช ed. | ||
| 260 |
_aPalma [de Mallorca] : _bLleonard Muntaner, _c2002. |
||
| 300 |
_a1 v. ; _c22 cm. |
||
| 490 | 1 |
_aLlibres de la nostra terra ; _v53 |
|
| 505 | 8 | _av. 1. La mort del vell dictador (1970-1976) (227 p.) | |
| 830 | 0 |
_aLlibres de la nostra terra ; _v53 _9225015 |
|
| 852 |
_aES-MaACL _jP-1807 |
||
| 999 |
_c183713 _d183713 |
||